Диаграммы растворимости и диэлектрические свойства растворов водно-солевых систем, содержащих формиаты щелочноземельных, переходных и редкоземельных элементов: автореферат диссертации на соискание ученой степени кандидата химических наук

Sonraí bibleagrafaíochta
Príomhchruthaitheoir: Балакаева И. В. Ирина Валерьевна
Teanga:Rúisis
Foilsithe / Cruthaithe: Москва, [Б. и.], 1999
Ábhair:
Formáid: MixedMaterials LEABHAR
KOHA link:https://koha.lib.tpu.ru/cgi-bin/koha/opac-detail.pl?biblionumber=11594

MARC

LEADER 00000nam0a2200000 4500
001 11594
005 20231101204801.0
035 |a (RuTPU)RU\TPU\book\11666 
035 |a BOOK00011732 
090 |a 11594 
100 |a 20011209d1999 k y0rusy50 ca 
101 0 |a rus 
102 |a RU 
105 |a y dm 000zy 
200 1 |a Диаграммы растворимости и диэлектрические свойства растворов водно-солевых систем, содержащих формиаты щелочноземельных, переходных и редкоземельных элементов  |e автореферат диссертации на соискание ученой степени кандидата химических наук  |f И. В. Балакаева 
210 |a Москва  |c [Б. и.]  |d 1999 
215 |a 23 с. 
606 1 |a Водно-солевые системы  |2 stltpush  |3 (RuTPU)RU\TPU\subj\70581  |9 84800 
610 1 |a неорганическая химия 
610 1 |a форматы 
610 1 |a щелочно-земельные элементы 
610 1 |a переходные элементы 
610 1 |a редкоземельные элементы 
610 1 |a авторефераты диссертаций 
675 |a 546-38(04)  |v 3 
700 1 |a Балакаева  |b И. В.  |g Ирина Валерьевна 
801 0 |a RU  |b 63413507  |c 20011209  |g PSBO 
801 2 |a RU  |b 63413507  |c 20160421  |g PSBO 
942 |c BK